000 00335nam a22001457a 4500
008 210511b ||||| |||| 00| 0 eng d
020 _a2900323066555
041 _aeng
080 _a610.73
082 _a610.73
100 _a2
101 _aINF
245 _aFoundations of Nursing in The Community
_cStanhope,M
942 _2udc
_cBK
999 _c57214
_d57214